Ortografía programada / (Record no. 103756)

MARC details
000 -LEADER
campo de control de longitud fija 00523nam a2200181 i 4500
001 - NÚMERO DE CONTROL
campo de control 103756
003 - IDENTIFICADOR DE NÚMERO DE CONTROL
campo de control ES-MaACL
007 - CAMPO FIJO DE DESCRIPCIÓN FÍSICA--INFORMACIÓN GENERAL
campo de control de longitud fija t|
008 - DATOS DE LONGITUD FIJA--INFORMACIÓN GENERAL
campo de control de longitud fija 051117s1974 sp ||||1| spa d
100 1# - ENTRADA PRINCIPAL--NOMBRE DE PERSONA
Nombre de persona Mesanza López, Jesús.
9 (RLIN) 80648
245 10 - MENCIÓN DEL TÍTULO
Título Ortografía programada /
Mención de responsabilidad, etc. Jesús Mesanza López.
260 ## - PUBLICACIÓN, DISTRIBUCIÓN, ETC.
Lugar de publicación, distribución, etc. Madrid :
Nombre del editor, distribuidor, etc. Ed. del Castillo,
Fecha de publicación, distribución, etc. 1974.
300 ## - DESCRIPCIÓN FÍSICA
Extensión 117 p. ;
Dimensiones 21 cm.
490 1# - MENCIÓN DE SERIE
Mención de serie Didáctica programada
830 0# - PUNTO DE ACCESO ADICIONAL DE SERIE-TÍTULO UNIFORME
Título uniforme Didáctica programada
9 (RLIN) 232601
852 ## - LOCALIZACIÓN
Ubicación ES-MaACL
Número de control de estantería E-7082
Sublocalización o colección R.91816
Holdings
Estatus retirado Estado de pérdida Estado de daño No para préstamo Biblioteca de origen Biblioteca actual Ubicación en estantería Fecha de adquisición Fuente de adquisición Total de préstamos Signatura topográfica completa Código de barras Visto por última vez Precio de reemplazo Tipo de ítem Koha
        Biblioteca del Ateneo de Madrid Biblioteca del Ateneo de Madrid Depósito 2 17/01/2008     E-7082 1108328 23/02/2023 23/02/2023 Libro impreso